Science - Biology | 0 | 6 | 2 | 0 | 50 | 50 | 86.50 | 1 | 2 |
Science - Other Science | 0 | 4 | 0 | 1 | 40 | 67 | 98.25 | 0 | 1 |
Fine Arts - Other Fine Arts | 0 | 3 | 0 | 1 | 30 | 116 | 129.67 | 0 | 0 |
Mythology | 0 | 4 | 2 | 0 | 30 | 96 | 110.75 | 0 | 2 |
Social Science | 0 | 3 | 0 | 1 | 30 | 72 | 95.33 | 0 | 1 |
Religion | 0 | 3 | 1 | 1 | 25 | 71 | 98.67 | 1 | 1 |
Philosophy | 0 | 3 | 1 | 0 | 25 | 97 | 108.33 | 0 | 1 |
Literature - American Literature | 0 | 1 | 0 | 0 | 10 | 142 | 142.00 | 0 | 1 |
Fine Arts - Painting & Sculpture | 0 | 1 | 0 | 0 | 10 | 118 | 118.00 | 0 | 0 |
History - American History | 0 | 1 | 0 | 0 | 10 | 97 | 97.00 | 0 | 1 |
History - Other History | 0 | 1 | 0 | 0 | 10 | 103 | 103.00 | 0 | 0 |
History - World History | 0 | 1 | 0 | 1 | 10 | 126 | 126.00 | 0 | 0 |
Science - Chemistry | 0 | 1 | 0 | 0 | 10 | 89 | 89.00 | 0 | 1 |
Literature - British Literature | 0 | 1 | 0 | 0 | 10 | 122 | 122.00 | 0 | 0 |
Literature - European Literature | 0 | 0 | 0 | 0 | 0 | | 0.00 | 0 | 0 |
Fine Arts - Classical Music | 0 | 0 | 1 | 0 | -5 | | 0.00 | 0 | 0 |
History - European History | 0 | 0 | 1 | 0 | -5 | | 0.00 | 0 | 0 |
Science - Physics | 0 | 0 | 3 | 0 | -15 | | 0.00 | 0 | 0 |